<?xml version="1.0" encoding="UTF-8"?>
<marc:record xmlns:marc="http://www.loc.gov/MARC21/slim">
   <marc:leader>00000nam a2200000 a 4500</marc:leader>
   <marc:datafield ind1="1" ind2=" " tag="100">
      <marc:subfield code="a">Schmidbauer, Lea</marc:subfield>
      <marc:subfield code="4">aut</marc:subfield>
      <marc:subfield code="e">Verfasser/-in</marc:subfield>
   </marc:datafield>
   <marc:datafield ind1=" " ind2=" " tag="653">
      <marc:subfield code="a">Pferd</marc:subfield>
   </marc:datafield>
   <marc:datafield ind1=" " ind2=" " tag="653">
      <marc:subfield code="a">Rückkehr</marc:subfield>
   </marc:datafield>
   <marc:datafield ind1=" " ind2=" " tag="653">
      <marc:subfield code="a">Suche</marc:subfield>
   </marc:datafield>
   <marc:datafield ind1=" " ind2=" " tag="653">
      <marc:subfield code="a">Weibliche Jugend</marc:subfield>
   </marc:datafield>
   <marc:datafield ind1=" " ind2=" " tag="653">
      <marc:subfield code="a">Reiterhof</marc:subfield>
   </marc:datafield>
   <marc:datafield ind1=" " ind2=" " tag="653">
      <marc:subfield code="a">Verschwinden</marc:subfield>
   </marc:datafield>
   <marc:datafield ind1="0" ind2="0" tag="245">
      <marc:subfield code="a">Ostwind - Auf der Suche nach Morgen</marc:subfield>
   </marc:datafield>
   <marc:datafield ind1=" " ind2="1" tag="264">
      <marc:subfield code="b">Der Hörverlag in der Verlagsgruppe Random House GmbH</marc:subfield>
      <marc:subfield code="c">2016</marc:subfield>
   </marc:datafield>
   <marc:datafield ind1="1" ind2=" " tag="490">
      <marc:subfield code="a">Ostwind</marc:subfield>
   </marc:datafield>
   <marc:datafield ind1="1" ind2=" " tag="520">
      <marc:subfield code="a">Der Frühling kommt nach Kaltenbach und Ostwinds Fohlen erobert alle Herzen im Sturm. Mika und Ora sind unzertrennlich. Doch in Maria Kaltenbach, die sich im Therapiebetrieb des Gestüts nicht gebraucht fühlt, erwacht der alte Ehrgeiz. Sie sieht das große Potenzial der jungen Stute und präsentiert sie auf einer Zuchtschau. Dort passiert etwas Schreckliches: Ora verschwindet spurlos! Als die Suche nach ihr im Sand verläuft, ist Mika am Boden zerstört und kurz davor, die Hoffnung aufzugeben. Bis Tausende Kilometer entfernt, in der Wildnis Andalusiens, ein schwarzer Hengst seine Herde verlässt und auf Petros Hacienda auftaucht. Wird Ostwind nach Kaltenbach zurückkehren - und wird es Mika und ihren Freunden gelingen, Ora zu finden?
</marc:subfield>
   </marc:datafield>
   <marc:datafield ind1="3" ind2=" " tag="024">
      <marc:subfield code="a">3844523820</marc:subfield>
   </marc:datafield>
</marc:record>
